[Event "TUR-chT Superleague 2018"]
[Site "Ankara"]
[Date "2018.07.25"]
[Round "1"]
[White "Mamedov, Rauf"]
[Black "Rakhmanov, Aleksandr"]
[Result "1/2-1/2"]
[WhiteElo "2708"]
[BlackElo "2627"]
[Annotator "TA"]
[PlyCount "112"]
[EventDate "2018.07.25"]
[EventType "team-tourn"]
[EventCountry "TUR"]
[SourceTitle "playchess.com"]
[Source "ChessBase"]
[SourceQuality "1"]

{[%evp 12,112,7,-19,46,36,45,27,40,8,12,8,22,0,0,0,25,22,18,16,16,5,12,17,6,-29,0,0,0,-29,-38,-39,-20,-52,-22,-29,-33,-45,-7,-25,-10,-85,-56,-99,-78,-99,-98,-97,-91,-99,-97,-91,-69,-58,-51,-76,-34,-34,-34,-75,-82,-76,-80,-93,-34,-34,-34,-34,-34,-76,-21,-33,-18,-20,-20,-20,-20,-20,-22,-42,-20,-20,-6,-6,-20,-20,-20,-27,-20,-22,-20,-20,0,-27,0,0,0,0,0,-42,0,0,0]} 1. e4 e5 2. Nf3 Nf6 3. Nxe5 d6 4. Nc4 Nxe4 5. Qe2 Qe7 6. Ne3 Nf6 7. b3 {LiveBook: 9 Games. C42: Petroff Defence: 3 Nxe5 and unusual White 3rd moves} (7. Nc3 c6 8. d4 g6 9. Bd2 Bg7 10. Nc4 Qxe2+ 11. Bxe2 d5 12. Nd6+ Ke7 13. Bf4 Rd8 14. Nxc8+ Rxc8 {½-½ (50) Wei,Y (2753)-Yu,Y (2744) Huocheng County 2017}) 7... Nbd7 ({Better is} 7... Nc6 $11) 8. Bb2 c6 9. g3 {White is slightly better.} g6 10. Bh3 $146 ({Predecessor:} 10. Bg2 Bg7 11. O-O O-O 12. d4 Re8 13. c4 Nf8 14. Qd3 Ng4 15. Nxg4 Bxg4 {1-0 (64) Vykouk,J (2434)-Machan,J (2320) Kouty nad Desnou 2016}) 10... Bg7 11. Nc4 Qxe2+ 12. Kxe2 Ke7 13. Re1 {[#] Threatens to win with Kf1+.} Nb6 14. Kf1+ Be6 15. Na5 Rab8 16. c4 Kd7 17. Bxe6+ fxe6 18. c5 dxc5 19. Be5 Nh5 20. Nc3 Bxe5 21. Rxe5 Nd5 $36 {[%mdl 2048] Black has good play.} 22. Rae1 {[#] Hoping for Nxd5.} Ng7 23. Nc4 b6 24. R5e2 Rhf8 25. Ne4 Rbe8 26. Kg2 (26. Ne5+ $11 {keeps the balance.} Kc7 27. f4) 26... Nf5 $17 {...Nd4 is the strong threat.} 27. f4 Nd4 28. Rf2 Re7 29. Ng5 Kc7 30. Ne5 a5 31. Nef3 Rfe8 32. Nxd4 cxd4 33. Rfe2 {[%cal Rg5e6]} Kd7 34. a4 Nb4 35. Ne4 Rf8 36. Nf2 c5 37. h4 Nc6 (37... Rf5 $17 38. Ng4 Nd3 39. Ne5+ Rxe5 40. Rxe5 Nxe1+ 41. Rxe1 Kd6) 38. Nd3 $15 Kd6 39. Nb2 Rb8 40. Nc4+ Kd7 (40... Kd5 $17) 41. Rc1 Nb4 42. Ne5+ Kc7 43. Re4 Rd8 44. Rh1 Nd5 45. Nd3 Nf6 46. Re2 Rde8 47. Rhe1 Nd7 48. Re4 Kc6 49. Nb2 Kd5 50. Nc4 Rb8 51. Na3 Rbe8 52. Nc4 e5 53. d3 Re6 54. Kf3 R8e7 55. R1e2 $1 Re8 56. Re1 R8e7 {Precision: White = 68%, Black = 51%.} 1/2-1/2

[Event "TUR-chT Superleague 2018"]
[Site "Ankara"]
[Date "2018.07.25"]
[Round "1"]
[White "Inarkiev, Ernesto"]
[Black "Jakovenko, Dmitry"]
[Result "1-0"]
[WhiteElo "2684"]
[BlackElo "2749"]
[Annotator "TA"]
[PlyCount "89"]
[EventDate "2018.07.25"]
[EventType "team-tourn"]
[EventCountry "TUR"]
[SourceTitle "playchess.com"]
[Source "ChessBase"]
[SourceQuality "1"]

{[%evp 25,89,15,26,20,23,27,26,21,12,0,0,0,0,4,27,25,25,24,27,27,44,0,0,0,69,66,59,14,82,28,83,20,21,13,9,0,181,185,185,220,216,206,461,72,231,230,206,144,174,144,152,168,127,15,153,156,156,111,560,533,539,531,533,514,514,503]} 1. d4 Nf6 2. c4 e6 3. Nc3 Bb4 4. Qc2 O-O 5. a3 Bxc3+ 6. Qxc3 d5 7. Nf3 dxc4 8. Qxc4 b6 9. Bg5 {E36: Nimzo-Indian: Classical: 4...d5 5 a3} Ba6 10. Qa4 Qd7 11. Qc2 c5 12. dxc5 (12. Bxf6 gxf6 13. Rd1 Qe7 14. g3 Bb7 15. Bg2 Rd8 16. O-O Nd7 {½-½ (30) Mamedyarov,S (2808)-Caruana,F (2816) Paris 2018}) 12... Rc8 13. Bxf6 gxf6 {LiveBook: 30 Games} 14. Rd1 Qe7 15. e4 Bxf1 16. Kxf1 Qxc5 {[#]} 17. Qe2 $146 ({Predecessor:} 17. Qxc5 bxc5 {½-½ (30) Lenderman,A (2565)-Leko,P (2679) Douglas 2017}) 17... Nc6 18. g3 Rd8 19. Kg2 Rxd1 (19... Qh5 {seems wilder.} 20. h3 Ne5 21. g4 Qh6 22. Nxe5 fxe5 23. Qf3 Rac8) 20. Rxd1 Rd8 21. b4 Qe7 22. Rc1 Qd6 23. Qa6 Ne5 24. Rc3 Nxf3 (24... Rd7 $11) 25. Rxf3 $11 {[%mdl 4096] Endgame KQR-KQR} Qe7 26. Rf4 e5 (26... Rd2 $11 {remains equal.}) 27. Rf5 ({Better is} 27. Rh4 $16) 27... Rd4 (27... Rd2 $11 {keeps the balance.}) 28. Qe2 ({White should play} 28. Rh5 $1 $16) 28... Qb7 $1 29. Qg4+ Kf8 30. f3 Qa6 $2 (30... Rd6 $11 {and Black is okay.}) 31. Qh4 $1 $18 {[%cal Rh4f6]} Rd6 32. Qxh7 Qxa3 33. h4 $1 {[%cal Bh2h4,Bh4h5][%mdl 32] Strongly threatening h5.} a5 $2 (33... Ke7 34. h5 Qa4) 34. bxa5 $2 (34. h5 $1 $18 {and the rest is easy.}) 34... bxa5 $2 (34... Qxa5 $16 35. h5 Ke7) 35. h5 $1 {[%cal Rh5h6]} (35. Qh8+ Ke7 $14) 35... Ke7 36. h6 Qb2+ 37. Kh3 Qb8 38. Qg7 $1 Qf8 39. Rh5 ({White must play} 39. Kh4 $16) 39... Rd1 {[#]} (39... Rd8 $1 $11) 40. Kg4 $1 $36 {[%mdl 2048] Hoping for Qxf8+. Keeping Black busy.} ({Don't take} 40. Qxf8+ $6 Kxf8 41. Kg4 (41. h7 $2 Rh1+ 42. Kg4 Rxh5 $19) 41... Kg8 $14) 40... Rd8 41. Qxf8+ Rxf8 $4 {[%mdl 8192]} (41... Kxf8 $16 {is more resistant.} 42. Kf5 a4 43. Kxf6 Kg8) 42. h7 $18 {White is clearly winning.} Rh8 {[#]} 43. Kf5 $1 a4 44. g4 a3 45. Rh2 {Precision: White = 53%, Black = 44%.} 1-0

[Event "TUR-chT Superleague 2018"]
[Site "Ankara"]
[Date "2018.07.25"]
[Round "1"]
[White "Kuzubov, Yuriy"]
[Black "Cheparinov, Ivan"]
[Result "1-0"]
[WhiteElo "2660"]
[BlackElo "2712"]
[Annotator "TA"]
[PlyCount "81"]
[EventDate "2018.07.25"]
[EventType "team-tourn"]
[EventCountry "TUR"]
[SourceTitle "playchess.com"]
[Source "ChessBase"]
[SourceQuality "1"]

{[%evp 17,81,22,32,26,40,40,44,26,39,12,50,36,46,37,47,48,45,24,68,72,77,73,63,50,48,12,47,51,60,64,72,66,61,60,60,71,78,-16,-22,-27,-40,-36,-42,-55,0,-13,0,0,0,-21,0,0,0,0,0,0,0,0,0,0,107,131,101,91,469,455]} 1. d4 f5 2. g3 Nf6 3. Bg2 g6 4. Nf3 Bg7 5. O-O O-O 6. c4 d6 7. Nc3 c6 8. Qb3 Na6 9. Rd1 {A88: Holländische Verteidigung (Leningrader Variante)} Kh8 {LiveBook: 41 Partien} 10. Bf4 (10. Qa3 Ne4 11. Be3 Nc7 12. Rac1 Nxc3 13. Qxc3 h6 14. Qd2 g5 15. d5 c5 16. b4 b6 17. bxc5 bxc5 {0-1 (33) Kovalyov,A (2658)-Petrosian,T (2607) Philadelphia 2018}) 10... Nc7 11. d5 {Weiß steht etwas besser.} c5 12. Qc2 $146 ({Vorgänger:} 12. Rac1 Rb8 13. Qa3 b5 14. cxb5 Nxb5 15. Qb3 Nxc3 16. Qxb8 Nxe2+ {0-1 (42) Hanoeman,S-Matoewi,R (2169) Paramaribo 2008}) 12... Qe8 13. Rab1 h6 14. a3 g5 15. Bc1 {[%cal Bf4c1,Bc1b2,Bb2a1,Ba1c3][%mdl 32]} Bd7 16. b4 b6 17. bxc5 bxc5 18. h4 Ne4 19. Bb2 (19. Nxe4 fxe4 20. hxg5 exf3 $17) 19... Kg8 20. Rdc1 (20. Nxe4 $6 Ba4 $11) 20... Qf7 21. Ba1 {Weiss will Tb7 spielen.} (21. Nxe4 fxe4 22. Bxg7 Qxg7 $15) 21... g4 22. Ne1 {Tb7 ist eine echte Drohung.} Nxc3 23. Bxc3 f4 24. Rb7 Bf5 $1 {[%cal Rf5c2]} ({Falsch wäre} 24... fxg3 $2 25. fxg3 Rac8 26. Nd3 $18) 25. Qd2 fxg3 26. fxg3 {[#] Und Lxg7 würde nun gewinnen.} Ne8 27. e4 (27. Bxg7 $16 Qxg7 28. Qe3) 27... Bxe4 $11 28. Qe2 Bf3 29. Qxe7 Bxg2 30. Nxg2 Bxc3 (30... Qxe7 {keeps more tension.} 31. Rxe7 Rb8 32. Nf4 Rb3 33. Re3 Rxa3 34. Ng6 Bxc3 35. Rcxc3 Rxc3 36. Rxc3 Rf7) 31. Rxc3 Qxe7 32. Rxe7 Ng7 33. Nf4 Nf5 34. Re4 $1 {Droht stark Se6.} Rab8 35. Ne6 $36 {[%mdl 2048] Weiss steht aktiver.} Rb1+ 36. Kg2 Rb2+ 37. Kg1 Rb1+ 38. Kf2 Ne3+ (38... Rb2+ $11 {bleibt in der Remisbreite.} 39. Ke1 Rfb8 40. Rxg4+ Kh8) 39. Ke2 $16 ({Viel schlechter ist} 39. Kxe3 $6 Re1+ 40. Kd2 Rxe4 $11) 39... Rb2+ 40. Kd3 Rff2 $2 {[%mdl 8192] [#]} (40... Nd1 $16 {ist zäher.} 41. Rxg4+ (41. Nxf8 Nf2+ 42. Ke3 Nd1+ 43. Kd3 Nf2+ 44. Ke3 Nd1+ 45. Kd3 $11) 41... Kh8 42. Nxf8 Nf2+ 43. Ke3 Nxg4+ 44. Kf4 Ne5) 41. Rxe3 {Precision: Weiß = 42%, Schwarz = 62%.} 1-0

[Event "TUR-chT Superleague 2018"]
[Site "Ankara"]
[Date "2018.07.25"]
[Round "1"]
[White "Alekseenko, Kirill"]
[Black "Sari, Yasin"]
[Result "1-0"]
[WhiteElo "2627"]
[BlackElo "2330"]
[Annotator "TA"]
[PlyCount "53"]
[EventDate "2018.07.25"]
[EventType "team-tourn"]
[EventCountry "TUR"]
[SourceTitle "playchess.com"]
[Source "ChessBase"]
[SourceQuality "1"]

{[%evp 27,53,4,12,15,6,16,9,3,178,187,246,208,270,244,410,403,382,367,325,291,285,271,432,437,777,796,750,736]} 1. e4 e5 2. Nf3 Nc6 3. Bb5 f5 4. Nc3 fxe4 5. Nxe4 Nf6 6. Qe2 d5 7. Nxf6+ gxf6 8. d4 Bg7 9. dxe5 O-O 10. e6 Ne5 11. O-O Bxe6 {C63: Ruy Lopez: Schliemann/Jaenisch Defence} 12. Nd4 Bg4 13. f3 {[%cal Bf2f3,Bf3f4,Bf4f5][%mdl 32]} Bc8 14. f4 c6 {LiveBook: 3 Games} 15. Ba4 (15. fxe5 fxe5 16. Rxf8+ Qxf8 17. Bd3 e4 18. Bxe4 Bxd4+ 19. Be3 Bxe3+ 20. Qxe3 dxe4 21. Qg5+ Qg7 22. Qd8+ Qf8 23. Qg5+ Qg7 {½-½ (23) Polgar,J (2707)-Radjabov,T (2735) Wijk aan Zee 2008}) 15... Qb6 16. c3 Bg4 {[#]} 17. Qf2 $146 ({Predecessor:} 17. Qc2 Nc4 18. f5 Rfe8 19. Qf2 Be2 20. Re1 {0-1 (37) Popovic,P (2540)-Kurajica,B (2535) Sarajevo 1985}) 17... Nc4 $2 {[#]} (17... Nd3 $11 18. Qg3 Nxc1 19. Raxc1 f5) 18. f5 $1 $18 Bh5 (18... Ne5 $142 19. Bb3 Bh5) 19. Qh4 Bf7 20. Rf3 {Threatens to win with Rg3.} c5 $2 (20... Kh8 21. Rg3 Bg8) 21. Ne2 ({Not} 21. Rh3 h5 $18) 21... Ne5 22. Rg3 Kh8 23. Rh3 {[%csl Gh3][%cal Rh4h7] [#]} Bg8 24. Nf4 Qd6 (24... Rf7 {might work better.} 25. Nxd5 Qa6) 25. Bd2 {White is clearly winning.} b5 (25... Qa6 $142 26. Re1 Qxa4 27. Ng6+ Nxg6 28. Qxa4 Ne5) 26. Bc2 Rf7 27. Re1 {Precision: White = 100%, Black = 37%.} 1-0

[Event "TUR-chT Superleague 2018"]
[Site "Ankara"]
[Date "2018.07.25"]
[Round "1"]
[White "Yilmaz, Mustafa"]
[Black "Kovalev, Vladislav"]
[Result "1/2-1/2"]
[WhiteElo "2624"]
[BlackElo "2655"]
[Annotator "TA"]
[PlyCount "60"]
[EventDate "2018.07.25"]
[EventType "team-tourn"]
[EventCountry "TUR"]
[SourceTitle "playchess.com"]
[Source "ChessBase"]
[SourceQuality "1"]

{[%evp 18,60,15,4,14,8,10,11,25,0,0,6,10,8,8,-8,0,0,0,0,0,0,0,7,12,12,29,0,0,0,0,0,12,2,9,1,0,0,0,0,14,0,0,0,0]} 1. d4 {Marin,M} Nf6 2. c4 e6 3. Nf3 d5 4. Nc3 Be7 5. Bf4 O-O 6. e3 Nbd7 7. Be2 dxc4 {D37: Damengambit (5.Lf4)} 8. O-O a6 9. a4 c5 10. d5 {LiveBook: 11 Partien} Nxd5 11. Nxd5 exd5 12. Qxd5 Nf6 13. Qe5 Qe8 14. Bxc4 Bd7 15. a5 {[#]} Bc6 $146 16. Qc3 Ne4 17. Qc2 Bf6 18. Bc7 Rc8 19. Bb6 Nd6 20. Bd3 Be4 21. Rfd1 Bxd3 22. Rxd3 Qe6 {Die Stellung ist ausgeglichen.} 23. Rc1 c4 24. Rdd1 Nb5 25. Nd4 $36 {[%mdl 2048] Weiss hat Initiative.} Nxd4 26. Bxd4 Rfd8 27. Qc3 Bxd4 28. Rxd4 h6 29. h3 Rxd4 30. Qxd4 Qf5 {Precision: Weiß = 63%, Schwarz = 70%.} 1/2-1/2

[Event "TUR-chT Superleague 2018"]
[Site "Ankara"]
[Date "2018.07.25"]
[Round "1"]
[White "Can, Emre"]
[Black "Mchedlishvili, Mikheil"]
[Result "1/2-1/2"]
[WhiteElo "2605"]
[BlackElo "2608"]
[Annotator "TA"]
[PlyCount "81"]
[EventDate "2018.07.25"]
[EventType "team-tourn"]
[EventCountry "TUR"]
[SourceTitle "playchess.com"]
[Source "ChessBase"]
[SourceQuality "1"]

{[%evp 16,81,30,25,30,29,34,29,32,26,28,22,45,40,100,6,6,13,13,0,0,0,0,0,1,9,31,27,40,27,25,8,19,-81,-108,-85,-81,-86,-87,-216,-14,-69,68,69,68,69,71,72,154,145,367,355,332,140,294,167,165,0,0,0,0,-290,-282,-316,0,-166,0,-318]} 1. d4 Nf6 2. c4 g6 3. Nc3 d5 4. Nf3 Bg7 5. h4 c6 6. cxd5 {D90: Grünfeld: 4 Nf3 Bg7 sidelines} cxd5 7. Bf4 Nc6 {[%cal Bb8c6,Bc6a5,Ba5c4][%mdl 32]} 8. e3 O-O 9. Qb3 {LiveBook: 27 Games} b6 10. Rc1 Bb7 $146 ({Predecessor:} 10... Na5 11. Qa3 Nc4 12. Qb4 Bb7 {1-0 (41) Riazantsev,A (2671)-Nepomniachtchi,I (2767) Doha 2016}) 11. Be2 Na5 12. Qa3 Nc4 13. Qb4 Rc8 14. O-O e6 (14... Nh5 $14) 15. Nb5 ({Better is} 15. b3 $16 a5 16. Qa4) 15... a5 $11 16. Qb3 Ne4 $1 17. Rc2 h6 {White should prevent ...g5.} 18. Nc3 {[%cal Bb5c3,Bc3e4,Be4g5][%mdl 32]} g5 19. hxg5 hxg5 20. Nxe4 $1 gxf4 21. Neg5 $1 {White wants to play Qd3.} Qf6 $1 22. Bxc4 dxc4 23. Qxb6 Qg6 24. Rfc1 (24. Qxb7 Qxc2 25. e4 Rb8 $17) (24. Re2 $11 Rb8 25. Qd6 (25. Qxa5 f6 $17)) 24... Rb8 $1 $17 25. Qxa5 fxe3 26. fxe3 Bh6 $1 {And now ...Bxf3 would win.} 27. Kf2 (27. Rf2 $17 {was necessary.}) 27... Ra8 $2 (27... e5 $1 $19 {[%cal Re5d4]} 28. Qxe5 Rbe8) 28. Qc7 (28. Qe5 $11) 28... Rfb8 (28... Ra7 $1 $15 29. Qe5 Bd5) 29. Ne5 $1 $14 {[%cal Re5g6]} (29. Qe5 Bd5 $15) 29... Qf5+ $1 ({Don't blunder} 29... Qxg5 $2 30. Qxf7+ Kh8 31. Ng6+ Qxg6 32. Qxg6 $18) 30. Ngf3 Be4 31. Re2 Rc8 (31... Rb7 $142 32. Qxc4 Bd5) 32. Qe7 $16 Rxa2 $2 (32... Bf8 $16 33. Qh4 Rxa2) 33. g4 $1 $18 {[%cal Rg4f5]} Qh7 34. Rh1 ({Worse is} 34. Rxc4 Rxc4 35. Nxc4 Bd3 $11) (34. Kg3 $18) 34... c3 $2 (34... Bf8 $16 35. Qg5+ (35. Rxh7 Bxe7 36. Rxf7 Rc7 $14) 35... Qg7) 35. Nd7 (35. bxc3 $142 Rxe2+ 36. Kxe2) 35... Bxe3+ 36. Kxe3 $2 (36. Rxe3 $18 {White wants to mate with Nf6+.} Rxb2+ 37. Kg3 Qxh1 38. Nf6+ Kh8 39. Rxc3 $1 {[%mdl 512]}) 36... Qxh1 $11 {[%csl Ge4][%cal Rh1f3]} 37. Qg5+ Bg6 38. Nf6+ $2 {[%mdl 8192]} (38. Re1 $1 $11 {and White stays safe.} Qh8 39. Nf6+ Kf8 40. Nd7+ Kg8 41. Nf6+ Kf8 42. Nd7+ Kg8) 38... Kf8 $19 39. Nd7+ {[#]} Kg8 (39... Kg7 $142 $1 40. Qe5+ Kg8) 40. Nf6+ {[#]} Kf8 $2 (40... Kg7 $1 41. Nh5+ Kg8 42. Nf6+) 41. Nd7+ {[%mdl 32768] Precision: White = 43%, Black = 35%. . An unexpected result.} 1/2-1/2

[Event "TUR-chT Superleague 2018"]
[Site "Ankara"]
[Date "2018.07.25"]
[Round "1"]
[White "Baryshpolets, Andrii"]
[Black "Koksal, Ege"]
[Result "1-0"]
[WhiteElo "2603"]
[BlackElo "2378"]
[Annotator "TA"]
[PlyCount "123"]
[EventDate "2018.07.25"]
[EventType "team-tourn"]
[EventCountry "TUR"]
[SourceTitle "playchess.com"]
[Source "ChessBase"]
[SourceQuality "1"]

{[%evp 21,123,37,30,0,31,29,56,59,76,36,91,14,27,29,19,8,7,6,22,12,37,39,31,0,0,0,41,41,44,42,43,42,36,51,45,53,79,8,8,2,25,13,28,11,10,8,35,10,10,10,14,15,18,17,32,31,38,0,34,16,97,29,64,37,36,36,36,43,64,64,429,392,527,387,362,405,309,341,1420,1646,1453,341,1654,1514,5089,5093,29978,29979,29979,29976,29984,29985,29985,29986,29986,29987,29987,29988,29988,29989,29990,29991,29991,29992]} 1. d4 Nf6 2. c4 e6 3. Nc3 d5 4. Nf3 c6 5. e3 Nbd7 6. Qc2 Bd6 7. Bd3 O-O 8. O-O Qe7 9. c5 Bc7 10. e4 dxe4 11. Nxe4 h6 {LiveBook: 10 Partien. D46: Damengambit (Halbslawisch)} 12. Ng3 Re8 13. Re1 Qf8 {Weiß hat minimalen Vorteil.} 14. Bd2 Nd5 {[#]} 15. Rac1 $146 ({Vorgänger:} 15. Bh7+ Kh8 16. Be4 N7f6 17. Bd3 Rd8 18. a3 a6 19. Ne5 Bxe5 20. dxe5 {1-0 (40) Karpov,A (2696)-Banaszkiewicz,D Radom 2000}) 15... e5 (15... b6 $14) 16. Nf5 ({Günstiger ist} 16. Bc4 $16 Re6 17. Nf5) 16... exd4 $11 17. Rxe8 Qxe8 18. Re1 Qf8 19. b4 N7f6 20. N3xd4 Bxf5 21. Nxf5 Re8 22. Qd1 Rxe1+ 23. Qxe1 Qe8 (23... Qd8 {is interesting.} 24. Bc2 h5 25. g3 g6 26. Nh4 a5) 24. Qxe8+ Nxe8 25. g3 Kf8 26. Kf1 Be5 27. Bc4 Nef6 28. Ke2 h5 29. h3 (29. f4 $16 Bb2 30. Nd6) 29... g6 30. Ne3 Nxe3 (30... Nc3+ {is more complex.} 31. Kd3 Nce4 32. f4 Bb8 33. Be1 a5) 31. Kxe3 {[%mdl 4096] Endspiel KLL-KLS} Ke7 32. Kd3 Nd7 33. Be3 Bc7 34. Bb3 a5 35. a3 axb4 36. axb4 Ne5+ 37. Kc3 f6 38. Bc2 {f4 ist eine echte Drohung.} Kf7 39. Bb3+ Ke7 40. Bd1 Kf7 (40... Nf7 $11 {hält das Gleichgewicht.}) 41. Kd4 ({Besser ist} 41. f4 $16) 41... Nd7 42. Bf3 Ne5 43. Bg2 Ke7 44. b5 Kd7 45. b6 Bd8 $2 {[%mdl 8192]} (45... Bb8 $1 $14) 46. Be4 $1 $18 Ke6 47. f4 f5 48. Bd5+ $1 (48. fxe5 fxe4 49. Kxe4 Be7 $14) 48... cxd5 49. fxe5 {Droht h4 und aus. KL-KL} h4 $2 {[#]} (49... g5 50. Bd2 f4) 50. Bf2 $1 ({Weniger gut wäre} 50. gxh4 Bxh4 51. c6 Bg3 $11) 50... hxg3 51. Bxg3 g5 $2 (51... f4 52. Bxf4 Bh4) 52. Bf2 g4 53. hxg4 fxg4 {[#]} 54. Bg3 $1 {Weiß setzt Matt.} Kd7 55. Kxd5 Be7 56. e6+ Kc8 57. Bd6 Bh4 58. c6 Bg5 59. e7 Bxe7 60. Bxe7 Kb8 61. Bd6+ Kc8 62. Bg3 {Precision: Weiß = 57%, Schwarz = 36%.} 1-0

[Event "TUR-chT Superleague 2018"]
[Site "Ankara"]
[Date "2018.07.25"]
[Round "1"]
[White "Goganov, Alexey"]
[Black "Abasov, Nijat"]
[Result "1/2-1/2"]
[WhiteElo "2576"]
[BlackElo "2623"]
[Annotator "ChessBase"]
[PlyCount "60"]
[EventDate "2018.07.25"]
[EventType "team-tourn"]
[EventCountry "TUR"]
[SourceTitle "playchess.com"]
[Source "ChessBase"]
[SourceQuality "1"]
[TimeControl "40/5400+30:1800+30"]

1. e4 {[%emt 0:00:30]} c5 {[%emt 0:00:30]} 2. Nf3 {[%emt 0:00:30]} Nc6 {[%emt 0:00:30]} 3. d4 {[%emt 0:00:30]} cxd4 {[%emt 0:00:30]} 4. Nxd4 {[%emt 0:00:30]} Nf6 {[%emt 0:00:30]} 5. Nc3 {[%emt 0:00:30]} e5 {[%emt 0:00:00]} 6. Ndb5 {[%emt 0:00:00]} d6 {[%emt 0:00:00]} 7. Bg5 {[%emt 0:00:00]} a6 {[%emt 0:00:00]} 8. Na3 {[%emt 0:00:00]} b5 {[%emt 0:00:00]} 9. Nd5 {[%emt 0:00:00]} Be7 {[%emt 0:00:30]} 10. Bxf6 {[%emt 0:00:00]} Bxf6 {[%emt 0:00:00]} 11. c3 {[%emt 0:00:00]} Bg5 {[%emt 0:01:00]} 12. Nc2 {[%emt 0:00:00]} Rb8 {[%emt 0:00:00]} 13. a4 {[%emt 0:04:00]} bxa4 {[%emt 0:00:00]} 14. Ncb4 {[%emt 0:00:00]} Nxb4 {[%emt 0:00:30]} 15. cxb4 {[%emt 0:04:00]} O-O {[%emt 0:00:30]} 16. Rxa4 {[%emt 0:02:30]} a5 {[%emt 0:00:00]} 17. b5 {[%emt 0:02:30]} Bd7 {[%emt 0:00:00]} 18. Nc3 {[%emt 0:01:30]} d5 {[%emt 0:01:30]} 19. Nxd5 {[%emt 0:03:30]} Bxb5 {[%emt 0:01:30]} 20. Bxb5 {[%emt 0:06:30]} Rxb5 {[%emt 0:00:00]} 21. O-O {[%emt 0:00:30]} Rxb2 {[%emt 0:02:00]} 22. Qa1 {[%emt 0:01:30]} Qb8 {[%emt 0:13:30]} 23. Rxa5 {[%emt 0:00:00]} Qb3 {[%emt 0:02:30]} 24. Rc5 {[%emt 0:07:00]} h6 {[%emt 0:07:30]} 25. Rc3 {[%emt 0:05:30]} Qb5 {[%emt 0:00:30]} 26. Rc5 {[%emt 0:08:30]} Qb3 {[%emt 0:04:30]} 27. Rc3 {[%emt 0:01:30]} Qb5 {[%emt 0:00:30]} 28. Rc5 {[%emt 0:00:30]} Qb3 {[%emt 0:00:30]} 29. Rc3 {[%emt 0:00:00]} Qb5 {[%emt 0:00:00]} 30. Rc5 {[%emt 0:00:00]} Qb3 {[%emt 0:00:00]} 1/2-1/2

[Event "TUR-chT Superleague 2018"]
[Site "Ankara"]
[Date "2018.07.25"]
[Round "1"]
[White "Shevchenko, Kirill"]
[Black "Uzumcu, Ahmet Utku"]
[Result "1-0"]
[WhiteElo "2554"]
[BlackElo "2261"]
[Annotator "ChessBase"]
[PlyCount "95"]
[EventDate "2018.07.25"]
[EventType "team-tourn"]
[EventCountry "TUR"]
[SourceTitle "playchess.com"]
[Source "ChessBase"]
[SourceQuality "1"]
[TimeControl "40/5400+30:1800+30"]

1. d4 {[%emt 0:00:30]} Nf6 {[%emt 0:00:30]} 2. Bf4 {[%emt 0:00:00]} g6 {[%emt 0:00:30]} 3. Nc3 {[%emt 0:00:00]} d5 {[%emt 0:01:30]} 4. e3 {[%emt 0:01:30]} Bg7 {[%emt 0:00:30]} 5. h4 {[%emt 0:00:30]} c5 {[%emt 0:02:30]} 6. Nb5 {[%emt 0:01:30]} Na6 {[%emt 0:01:30]} 7. c3 {[%emt 0:00:00]} h5 {[%emt 0:07:30]} 8. Nf3 {[%emt 0:03:00]} O-O {[%emt 0:01:30]} 9. Be2 {[%emt 0:04:30]} Bf5 {[%emt 0:09:30]} 10. Ne5 {[%emt 0:07:30]} Qc8 {[%emt 0:07:30]} 11. f3 {[%emt 0:12:30]} Nd7 {[%emt 0:05:30]} 12. g4 {[%emt 0:09:30]} hxg4 {[%emt 0:01:30]} 13. Nxg4 {[%emt 0:00:30]} Bxg4 {[%emt 0:24:30]} 14. fxg4 {[%emt 0:00:30]} e5 {[%emt 0:00:30]} 15. dxe5 {[%emt 0:05:30]} Qc6 {[%emt 0:04:30]} 16. e4 {[%emt 0:05:30]} d4 {[%emt 0:02:30]} 17. cxd4 {[%emt 0:05:30]} Qxe4 {[%emt 0:01:30]} 18. O-O {[%emt 0:01:30]} Nb4 {[%emt 0:10:13]} 19. Nd6 {[%emt 0:18:30]} Qxd4+ {[%emt 0:01:11]} 20. Qxd4 {[%emt 0:00:30]} cxd4 {[%emt 0:00:01]} 21. Bc4 {[%emt 0:01:30]} Bxe5 {[%emt 0:06:47]} 22. Nxf7 {[%emt 0:03:07]} Bxf4 {[%emt 0:00:26]} 23. Ne5+ {[%emt 0:02:26]} Kg7 {[%emt 0:02:35]} 24. Nxd7 {[%emt 0:00:13]} Be3+ {[%emt 0:01:16]} 25. Kg2 {[%emt 0:03:41]} Rf4 {[%emt 0:01:17]} 26. Nc5 {[%emt 0:04:29]} Rxf1 {[%emt 0:01:40]} 27. Rxf1 {[%emt 0:00:09]} Rc8 {[%emt 0:00:00]} 28. Rf7+ {[%emt 0:02:02]} Kh8 {[%emt 0:00:04]} 29. Ne4 {[%emt 0:06:19]} Bh6 {[%emt 0:02:41]} 30. Nd6 {[%emt 0:00:42]} Rd8 {[%emt 0:01:43]} 31. Nxb7 {[%emt 0:01:35]} Rf8 {[%emt 0:00:34]} 32. Nd6 {[%emt 0:00:13]} Nc2 {[%emt 0:00:56]} 33. Kf3 {[%emt 0:00:33]} Ne3 {[%emt 0:01:12]} 34. Bd3 {[%emt 0:00:21]} Rxf7+ {[%emt 0:00:17]} 35. Nxf7+ {[%emt 0:00:30]} Kg7 {[%emt 0:00:02]} 36. Nxh6 {[%emt 0:00:32]} Kxh6 {[%emt 0:00:02]} 37. g5+ {[%emt 0:00:34]} Kg7 {[%emt 0:00:22]} 38. b4 {[%emt 0:00:47]} Nd5 {[%emt 0:00:30]} 39. a3 {[%emt 0:00:30]} Nc3 {[%emt 0:00:00]} 40. Kf4 {[%emt 0:00:00]} Nd5+ {[%emt 0:00:00]} 41. Ke5 {[%emt 0:01:17]} Ne3 {[%emt 0:01:11]} 42. Kxd4 {[%emt 0:01:30]} Ng2 {[%emt 0:00:30]} 43. Be4 {[%emt 0:00:30]} Nxh4 {[%emt 0:00:30]} 44. b5 {[%emt 0:00:30]} Kf7 {[%emt 0:00:30]} 45. a4 {[%emt 0:00:00]} Ke6 {[%emt 0:00:30]} 46. a5 {[%emt 0:00:00]} Kd6 {[%emt 0:00:00]} 47. b6 {[%emt 0:00:30]} axb6 {[%emt 0:00:00]} 48. a6 {[%emt 0:00:30]} 1-0